000 00929nam a2200229 a 4500
001 000007194
005 20200929154106.0
008 090907s2002 dr r 000 0 spa d
040 _aDO-SdBNP
_bspa
_cBNPHU
082 _a348.025
_bR426L, 2002
110 1 _aRepública Dominicana.
_bProcuraduría General de la República.
_bDepartamento de Prevención de la Corrupción
_919962
240 1 0 _a[Leyes, etc.]
245 1 0 _aLegislación básica de la administración pública de la República Dominicana.
250 _a2ª ed.
260 _aSanto Domingo :
_aDepartamento de Prevención de la Corrupción,
_c2002.
300 _a265 p. ;
_c21 cm.
590 _aInventariado, 2018/BT
650 4 _aAdministración pública
_xLegislación
_zRepública Dominicana
_919963
650 4 _aDerecho administrativo
_zRepública Dominicana
_91203
651 4 _aRepública Dominicana
_xLeyes
_916541
910 _aValidado. Control de calidad. EMS
999 _c6975
_d6975